000 00594nam a2200217Ia 4500
003 OSt
005 20221007082411.0
006 a|||||r|||| 00| 0
007 ta
008 221006b |||||||| |||| 00| 0 eng d
024 _a25,070
037 _cReports / Technical Reports
040 _aFLL
_cFLL
_beng
041 _2eng
_aeng
082 _aZ2,546,N77t, L9.1
245 0 _aReport of the commission of inquiry on Maruti affairs
260 _c1979
300 _aiv,1-141p
_ccm.
942 _hZ2,546,N77t, L9.1
_cREP
_2CC
999 _c1166298
_d1166298